Una batalla epistolar del siglo XVIII (Record no. 3475)

MARC details
000 -CABECERA
campo de control de longitud fija 01015nam a2200253 a 4500
001 - NÚMERO DE CONTROL
campo de control BRCA_3746
005 - FECHA Y HORA DE LA ÚLTIMA TRANSACCIÓN
campo de control 20190320204417.0
008 - DATOS DE LONGITUD FIJA--INFORMACIÓN GENERAL
campo de control de longitud fija 220909s2007----mx-a---###---#000-0#spa-#
020 ## - NÚMERO INTERNACIONAL ESTÁNDAR DEL LIBRO
Número Internacional Estándar del Libro 9789706690937
041 ## - CÓDIGO DE LENGUA
Código de lengua del texto/banda sonora o título independiente spa
044 ## - CÓDIGO DEL PAÍS DE LA ENTIDAD EDITORA/PRODUCTORA
Código MARC del país mx
050 #4 - SIGNATURA TOPOGRÁFICA DE LA BIBLIOTECA DEL CONGRESO
Número de clasificación N6553
Número de documento/Ítem .J37 2007
100 1# - ENTRADA PRINCIPAL--NOMBRE DE PERSONA
Nombre de persona Jarquín Ortega, María Teresa
9 (RLIN) 6997
245 10 - MENCIÓN DE TÍTULO
Título Una batalla epistolar del siglo XVIII
Resto del título el peregrinar de San Juan Bautista en Metepec
Mención de responsabilidad, etc. María Teresa Jarquín Ortega.
260 ## - PUBLICACIÓN, DISTRIBUCIÓN, ETC.
Lugar de publicación, distribución, etc. Zinacantepec, Estado de México
Nombre del editor, distribuidor, etc. El Colegio Mexiquense : Gobierno del Estado de México
Fecha de publicación, distribución, etc. 2007
300 ## - DESCRIPCIÓN FÍSICA
Extensión 170 p.
Otras características físicas il. (algunas a color)
Dimensiones 32 cm.
440 #0 - MENCIÓN DE SERIE/PUNTO DE ACCESO ADICIONAL--TÍTULO
Título Biblioteca Mexiquense del Bicentenario
Nombre de parte o sección de la obra Colección Mayor. Estado de México: Patrimonio de un Pueblo
9 (RLIN) 9759
500 ## - NOTA GENERAL
Nota general Incluye glosario
504 ## - NOTA DE BIBLIOGRAFÍA, ETC.
Nota de bibliografía, etc. Bibliografía: p. [163]-165
650 14 - PUNTO DE ACCESO ADICIONAL DE MATERIA--TÉRMINO DE MATERIA
Término de materia o nombre geográfico como elemento de entrada Arte colonial
Subdivisión general Historia
Subdivisión geográfica México
9 (RLIN) 4129
651 #4 - PUNTO DE ACCESO ADICIONAL DE MATERIA--NOMBRE GEOGRÁFICO
Nombre geográfico Metepec (México)
Subdivisión general Historia
9 (RLIN) 9760
651 #4 - PUNTO DE ACCESO ADICIONAL DE MATERIA--NOMBRE GEOGRÁFICO
Nombre geográfico Metepec (México)
Subdivisión de forma Descripción
Subdivisión general Manuscritos coloniales
9 (RLIN) 9761
942 ## - ELEMENTOS DE PUNTO DE ACCESO ADICIONAL (KOHA)
Fuente del sistema de clasificación o colocación Library of Congress Classification
Tipo de ítem Koha Libros
Holdings
Estado de retiro Estado de pérdida Estado dañado No para préstamo Localización permanente Ubicación/localización actual Fecha de adquisición Total de préstamos Signatura topográfica completa Código de barras Fecha visto por última vez Precio válido a partir de Tipo de ítem Koha
El ejemplar forma parte de la colección y puede ser consultado según las políticas vigentes.       Biblioteca del Museo Franz Mayer (Rogerio Casas-Alatriste) Biblioteca del Museo Franz Mayer (Rogerio Casas-Alatriste) 22/09/2009   N6553 .J37 2007 00598 22/03/2019 22/03/2019 Libros